000 00723nam a2200205Ii 4500
003 JO-AjNU
008 230605s9999||||xx |||||||||||||| ||und||
040 _aJO-AjNU
_bara
_erda
_cJO-AjNU
041 _aara
050 1 4 _aBP144 1980
100 3 _aأبو رخيه، ماجد,
_eauthor
_940400
245 0 0 _aالأشربة وأحكامها في الشريعة الإسلامية: المسكرات والمخدرات
250 _aط1
264 3 1 _aعمان: مكتبة الاقصى، 1980
300 _a444ص
336 _atext
_btxt
_2rdacontent
337 _aunmediated
_bn
_2rdamedia
338 _avolume
_bnc
_2rdacarrier
650 4 _aالاسلام - فقة اسلامي - المسكرات - المخدرات
_940401
999 _aA17142
_c20710
_d20710